Landscape and garden contracting (Record no. 24447)

MARC details
000 -LEADER
fixed length control field 00286nam a2200109Ia 4500
082 ## - DEWEY DECIMAL CLASSIFICATION NUMBER
Classification number 332.64635
Item number YOR
100 ## - MAIN ENTRY--AUTHOR NAME
Personal name YORKE, David
245 #0 - TITLE STATEMENT
Title Landscape and garden contracting
260 ## - PUBLICATION, DISTRIBUTION, ETC. (IMPRINT)
Place of publication London
Name of publisher Architectural Press
Year of publication 1976
942 ## - ADDED ENTRY ELEMENTS (KOHA)
Koha item type Books
Holdings
Withdrawn status Lost status Damaged status Not for loan Home library Current library Date acquired Full call number Accession Number Koha item type
        RRII Library RRII Library 16/12/2021 332.64635 YOR 05129 Books